| 000 | 00610nam a22001937a 4500 | ||
|---|---|---|---|
| 003 | OSt | ||
| 005 | 20240619095953.0 | ||
| 008 | 240619b |||||||| |||| 00| 0 eng d | ||
| 020 | _a1859660746 | ||
| 040 |
_aMUST _cMUST |
||
| 082 |
_a332.6 INV 1993 _b19 |
||
| 100 |
_aAndrew Adams... ( et al) _917489 |
||
| 245 |
_aInvestment Mathematics and Statistics/ _cAndrew Adams... (et al) |
||
| 260 |
_aUSA: _bKluwer Law International Sterling House, _c1993. |
||
| 300 |
_avi,410p.; _bill,; _c23.8cm. |
||
| 504 | _aIncludes bibliographical Indexes. | ||
| 650 |
_2Mathematics _astatistics _91274 |
||
| 942 |
_2ddc _cO_SHELF |
||
| 999 |
_c8636 _d8636 |
||